| 000 -LEADER |
| fixed length control field |
01402 a2200241 4500 |
| 003 - CONTROL NUMBER IDENTIFIER |
| control field |
Nust |
| 005 - DATE AND TIME OF LATEST TRANSACTION |
| control field |
20220811154305.0 |
| 010 ## - LIBRARY OF CONGRESS CONTROL NUMBER |
| LC control number |
95009102 |
| 020 ## - INTERNATIONAL STANDARD BOOK NUMBER |
| International Standard Book Number |
0471956651 |
| 040 ## - CATALOGING SOURCE |
| Transcribing agency |
Nust |
| 082 00 - DEWEY DECIMAL CLASSIFICATION NUMBER |
| Classification number |
621.381045,ULT |
| 245 00 - TITLE STATEMENT |
| Title |
Ultrafast and ultra-parallel optoelectronics / |
| Statement of responsibility, etc. |
edited by T. Sueta, T. Okoshi. |
| 260 ## - PUBLICATION, DISTRIBUTION, ETC. |
| Place of publication, distribution, etc. |
Tokyo : |
| Name of publisher, distributor, etc. |
Ohmsha ; |
| Place of publication, distribution, etc. |
Chichester ; |
| -- |
New York : |
| Name of publisher, distributor, etc. |
Wiley, |
| Date of publication, distribution, etc. |
c1995. |
| 300 ## - PHYSICAL DESCRIPTION |
| Extent |
xiii, 606 p. : |
| Other physical details |
ill. ; |
| Dimensions |
25 cm. |
| 505 ## - FORMATTED CONTENTS NOTE |
| Formatted contents note |
Fundamentals of Ultra fast and Ultra-Parallel Optoelectronics (Page-1), Basics of Ultrafast Optoelectronic s (Page-51), Nonlinear Optics: Materials, Processes and Applications (Page-107),Functional Photonics Devices and Integration(Page-165), Active Photonic Devices (Page-247), High Speed Device Technologies (Page-301), Optoelectronic Devices for Parallel Processing and Interconnects(Page359),Ultra-High Capacity Optical Communications (Page-421), Digital Optical Computing(Page475), Neural Computing(Page-507), Multi-Dimensional Optical Sensing and Processing(Page-547). |
| 650 #0 - SUBJECT ADDED ENTRY--TOPICAL TERM |
| Topical term or geographic name entry element |
Picosecond pulses. |
| 9 (RLIN) |
96925 |
| 650 #0 - SUBJECT ADDED ENTRY--TOPICAL TERM |
| Topical term or geographic name entry element |
Telecommunication Engineering. |
| 700 1# - ADDED ENTRY--PERSONAL NAME |
| Personal name |
Sueta, T. |
| 9 (RLIN) |
96926 |
| 700 1# - ADDED ENTRY--PERSONAL NAME |
| Personal name |
叫oshi, Takanori, |
| Dates associated with a name |
1932- |
| 9 (RLIN) |
96927 |
| 856 4# - ELECTRONIC LOCATION AND ACCESS |
| Materials specified |
Publisher description |
| Uniform Resource Identifier |
<a href="http://www.loc.gov/catdir/enhancements/fy0706/95009102-d.html">http://www.loc.gov/catdir/enhancements/fy0706/95009102-d.html</a> |
| 856 4# - ELECTRONIC LOCATION AND ACCESS |
| Materials specified |
Table of Contents |
| Uniform Resource Identifier |
<a href="http://www.loc.gov/catdir/toc/onix02/95009102.html">http://www.loc.gov/catdir/toc/onix02/95009102.html</a> |
| 942 ## - ADDED ENTRY ELEMENTS (KOHA) |
| Koha item type |
Reference |
| Source of classification or shelving scheme |
|